Statystyki dla 10 Największych Miast Województwa Warmińsko-Mazurskiego

Kliknij tutaj aby rozwiązać quiz!

Ogólne statystyki

  • Ten quiz został rozwiązany 981 razy
  • Średni wynik to 7 z 10

Statystyki odpowiedzi

Lp.Liczba LudnościMiasto% Poprawnych
1.172,970Olsztyn
100%
2.121,046Elbląg
93%
3.61,237Ełk
85%
6.29,572Giżycko
68%
5.33,128Iława
64%
4.33,216Ostróda
64%
10.21,914Mrągowo
59%
8.23,932Bartoszyce
50%
7.27,453Kętrzyn
49%
9.23,698Szczytno
47%

Rozkład punktacji

Percentyl według liczby udzielonych odpowiedzi

Procent ludzi z każdym wynikiem

Twoja historia wyników

Nie rozwiązałeś tego quizu